The story of atomic energy / (Record no. 184496)
[ view plain ]
| 000 -LEADER | |
|---|---|
| fixed length control field | 00983 a2200169 4500 |
| 003 - CONTROL NUMBER IDENTIFIER | |
| control field | Nust |
| 005 - DATE AND TIME OF LATEST TRANSACTION | |
| control field | 20221202100320.0 |
| 040 ## - CATALOGING SOURCE | |
| Transcribing agency | Nust |
| 082 ## - DEWEY DECIMAL CLASSIFICATION NUMBER | |
| Classification number | 539.7,SOD |
| 100 ## - MAIN ENTRY--PERSONAL NAME | |
| Personal name | Soddy, Frederick |
| 9 (RLIN) | 103960 |
| 245 ## - TITLE STATEMENT | |
| Title | The story of atomic energy / |
| Statement of responsibility, etc. | Frederick Soddy |
| 260 ## - PUBLICATION, DISTRIBUTION, ETC. | |
| Place of publication, distribution, etc. | London |
| Name of publisher, distributor, etc. | A New Atlantis Pub. |
| Date of publication, distribution, etc. | 1949 |
| 300 ## - PHYSICAL DESCRIPTION | |
| Extent | viii, 136 p. |
| 505 ## - FORMATTED CONTENTS NOTE | |
| Formatted contents note | Alchemy To Chemistry (Page-1), The Modern Atomic And Molecular Theories (Page-11), Energy And Electricity (Page-25), X-Rays, Radioactivity And The Electron (Page-35), The Discovery Of Atomic Energy (Page-43), Energy And Mass: Isotopes (Page-56), Quantum Theory And The Nuclear Atom (Page-64), The Quantum Theory And Chemistry (Page-72), Progress Upto First Artificial Transmutation (Page-85), Fundamental New Discoveries And Methods (Page-99), Progress Upto Atomic Fission (Page-108), Practical Transmutation (Page-118), The Future Of Atomic Energy (Page-124). |
| 650 ## - SUBJECT ADDED ENTRY--TOPICAL TERM | |
| Topical term or geographic name entry element | Atomic energy |
| 9 (RLIN) | 103961 |
| 942 ## - ADDED ENTRY ELEMENTS (KOHA) | |
| Source of classification or shelving scheme | |
| Koha item type | Book |
| Call number prefix | 539.7,SOD |
| Withdrawn status | Lost status | Source of classification or shelving scheme | Damaged status | Not for loan | Permanent Location | Current Location | Shelving location | Date acquired | Full call number | Barcode | Date last seen | Price effective from | Koha item type | Public note |
|---|---|---|---|---|---|---|---|---|---|---|---|---|---|---|
| Military College of Signals (MCS) | Military College of Signals (MCS) | General Stacks | 12/12/2016 | 539.7,SOD | MCS7105 | 12/08/2016 | 12/12/2016 | Book | Almirah No.16, Shelf No.6 |
